01324 a2200217 4500003000500000005001700005010001700022020002800039040000900067082001700076100001900093245015100112260003700263300003300300440004200333505046100375650006600836650003400902856009500936856007501031Nust20221129160947.0 a 2004040416 a0071416390 (alk. paper) cNust00a621.3815,HAS1 aHaskell, Bert.10aPortable electronics product design and development :bfor cellular phones, PDAs, digital cameras, personal electronics, and more /cBert Haskell. aNew York :bMcGraw-Hill,cc2004. axii, 372 p. :bill. ; 24 cm. 0aMcGraw-Hill professional engineering. aThe Portable Electronic Design Process (Page-1), Digital And Analog Processing (Page-65), Electronic Packaging (Page-81), Displays (Page-123), Power Sources (Page-145), Mechanical Design (Page-165), Software And Communications (Page-193), Cellular Phones (Page-203), Portable PCs (Page-225), Personal Digital Assistants (Page-265), Digital Imaging Products (Page-303), Economics (Page-325), The Past, Present, And Future Of Portable Electronics (Page-339). 0aElectronic apparatus and appliancesxDesign and construction. 0aTelecommunication engineering423Contributor biographical informationuhttp://www.loc.gov/catdir/bios/mh042/2004040416.html423Table of contentsuhttp://www.loc.gov/catdir/toc/mh041/2004040416.html